Central Library OPAC University of Rajshahi

Cost accounting / (Record no. 75440)

MARC details
000 -LEADER
fixed length control field 00871nam a2200289 a 4500
001 - CONTROL NUMBER
control field 75440
003 - CONTROL NUMBER IDENTIFIER
rucl marc code BD-RjUL
005 - DATE AND TIME OF LATEST TRANSACTION
control field 20211209082705.0
008 - FIXED-LENGTH DATA ELEMENTS--GENERAL INFORMATION
fixed length control field 190409r19651957enk 000 0 eng
035 ## - SYSTEM CONTROL NUMBER
System control number (BD-RjUL)75658
System control number (OCoLC)190983
040 ## - CATALOGING SOURCE
Original cataloging agency DLC
Transcribing agency OU
Modifying agency DLC
-- BD-RjUL
Language of cataloging eng
041 ## - LANGUAGE CODE
Language code of text/sound track or separate title eng
042 ## - AUTHENTICATION CODE
Authentication code premarc
082 ## - DEWEY DECIMAL CLASSIFICATION NUMBER
Edition number 23
Classification number 657.42
Author mark and year SCC 1965
100 1# - MAIN ENTRY--PERSONAL NAME
Personal name Schlatter, Charles Fordemwalt.
9 (RLIN) 230276
245 10 - TITLE STATEMENT
Title Cost accounting /
Statement of responsibility, etc. by Charles F. Schlatter and William J. Schlatter.
250 ## - EDITION STATEMENT
Edition statement 2d ed.
260 ## - PUBLICATION, DISTRIBUTION, ETC. (IMPRINT)
Place of publication, distribution, etc. New York,
Name of publisher, distributor, etc. Wiley
Date of publication, distribution, etc. c1957, [printing 1965 ]
300 ## - PHYSICAL DESCRIPTION
Pagination ix, 725 p. :
Illustrations illus. ;
Size 24 cm.
490 0# - SERIES STATEMENT
Series statement A Wiley publication in accounting
650 #0 - SUBJECT ADDED ENTRY--TOPICAL TERM
Topical term or geographic name as entry element Cost accounting.
9 (RLIN) 230277
700 1# - ADDED ENTRY--PERSONAL NAME
Personal name Schlatter, William Joseph,
Dates associated with a name 1912-
942 ## - ADDED ENTRY ELEMENTS (KOHA)
Source of classification or shelving scheme Dewey Decimal Classification
Koha item type Books
Holdings
Lost status Source of classification or shelving scheme Damaged status Not for loan Collection code Permanent Location Current Location Shelving location Date acquired Source of acquisition Cost, normal purchase price Total Checkouts Full call number Date last seen Copy number Koha item type
  Dewey Decimal Classification   Not For Loan Non-fiction Central Library, University of Rajshahi Central Library, University of Rajshahi Reading Room 11/12/1967 Book View 63.00   657.42 SCC 1965 09/04/2019 C-1 Books
  Dewey Decimal Classification     Non-fiction Central Library, University of Rajshahi Central Library, University of Rajshahi   15/06/1960 Mirza Book Agency 36.40   657.42 SCC 1957 09/04/2019 C-2 Books
  Dewey Decimal Classification     Non-fiction Central Library, University of Rajshahi Central Library, University of Rajshahi   05/02/1963 Zeitlinger 59.00   657.42 SCC 1960 09/04/2019 C-3 Books
  Dewey Decimal Classification     Non-fiction Central Library, University of Rajshahi Central Library, University of Rajshahi   05/02/1963 Zeitlinger 59.00   657.42 SCC 1960 09/04/2019 C-4 Books